Concurso Ricardo Miró : historia, obras y autores premiados, 1942 - 1993 /
Salvato in:
| Autore principale: | |
|---|---|
| Natura: | Sconosciuto |
| Lingua: | Spanish |
| Pubblicazione: |
Panamá :
Mariano Arosemena,
1994.
|
| Soggetti: | |
| Tags: |
Aggiungi Tag
Nessun Tag, puoi essere il primo ad aggiungerne!!
|
MARC
| LEADER | 000000000a22000000004500 | ||
|---|---|---|---|
| 001 | 002722 | ||
| 041 | 0 | |a spa | |
| 082 | 0 | 4 | |a 807.9 |b C744c Referencia |
| 100 | 1 | |a Guardián Guerra, Reymundo | |
| 245 | 1 | 0 | |a Concurso Ricardo Miró : |b historia, obras y autores premiados, 1942 - 1993 / |c Reymundo Guardián Guerra. |
| 260 | 1 | |a Panamá : |b Mariano Arosemena, |c 1994. | |
| 300 | |a 101 páginas | ||
| 650 | 4 | |a PREMIOS LITERARIOS | |
| 650 | 4 | |a RICARDO MIRO, 1883 | |
| 650 | 4 | |a CATALOGO | |
| 999 | |c 9082 |d 9082 | ||
| 942 | |c BK |h 807.9 C744c Referencia |2 z | ||
